000 00527nam a22002057a 4500
005 20260219044906.0
008 260219b |||||||| |||| 00| 0 eng d
020 _a9789349015005
040 _cILCL
041 _2eng
_aeng
084 _aZ2,805 R5
100 _aRatanlal
_91116182
245 _aThe Bharatiya Nagarik Suraksha Sanhita,2023
250 _a24
260 _aHaryana
_bLexis Nexis
_c2025
300 _accviii,1402p.
700 _aDhirajlal
_91116183
700 _aSaxena, Namit
_91116184
942 _2CC
_cTB
999 _c1679951
_d1679951